[Event "SRB-chT2 West"]
[Site "Arandjelovac"]
[Date "2018.09.07"]
[Round "1.5"]
[White "Burovic, Ismet"]
[Black "Boskovic, Drasko"]
[Result "1-0"]
[WhiteElo "2332"]
[BlackElo "2441"]
[PlyCount "65"]
[EventDate "2018.09.07"]
[EventType "team-tourn"]
[EventRounds "11"]
[EventCountry "SRB"]
[SourceTitle "EXT 2021"]
[Source "ChessBase"]
[SourceDate "2020.10.23"]
[SourceVersion "1"]
[SourceVersionDate "2020.10.23"]
[SourceQuality "1"]
[WhiteTeam "Tutin"]
[BlackTeam "Uzice Sloboda"]
[WhiteTeamCountry "SRB"]
[BlackTeamCountry "SRB"]

1. e4 c5 2. d3 g6 3. g3 Bg7 4. Bg2 Nc6 5. f4 d6 6. Nf3 e6 7. 0-0 Nge7 8. c3 0-0 9. Be3 b6 10. Na3 Bb7 11. Nc2 Qd7 12. Bf2 Rfd8 13. g4 e5 14. f5 d5 15. Bh4 dxe4 16. dxe4 f6 17. g5 fxg5 18. Nxg5 Qxd1 19. Raxd1 Bf6 20. Ne3 Ba6 21. Rfe1 h5 22. Nd5 Nxd5 23. exd5 Ne7 24. Nf3 Bxh4 25. Nxh4 g5 26. d6 gxh4 27. dxe7 Rxd1 28. Rxd1 Re8 29. f6 Kf7 30. Rd6 Bc4 31. Bc6 Rg8+ 32. Kf2 Bxa2 33. Rd8 1-0

[Event "BIH-chT 17th"]
[Site "Jahorina"]
[Date "2018.06.09"]
[Round "8.4"]
[White "Adzic, Mitar"]
[Black "Burovic, Ismet"]
[Result "0-1"]
[WhiteElo "2009"]
[BlackElo "2313"]
[PlyCount "68"]
[EventDate "2018.06.02"]
[EventType "team-tourn"]
[EventRounds "9"]
[EventCountry "BIH"]
[SourceTitle "CBM 184 Extra"]
[Source "ChessBase"]
[SourceDate "2018.06.28"]
[SourceVersion "1"]
[SourceVersionDate "2018.06.28"]
[SourceQuality "1"]
[WhiteTeam "Gacko Mladost"]
[BlackTeam "Sarajevo Napredak"]
[WhiteTeamCountry "BIH"]
[BlackTeamCountry "BIH"]

1. d4 Nf6 2. c4 g6 3. Nc3 Bg7 4. e4 d6 5. Bg5 h6 6. Bh4 0-0 7. Nf3 c5 8. dxc5 g5 9. Bg3 dxc5 10. Bd3 Nc6 11. 0-0 Bg4 12. h3 Bh5 13. Bh2 g4 14. hxg4 Nxg4 15. Bg3 Nge5 16. Be2 Bxf3 17. gxf3 Qxd1 18. Rfxd1 Nd4 19. Kg2 b6 20. Rac1 Rad8 21. f4 Nxe2 22. Nxe2 Nd3 23. Rb1 Nxb2 24. Rd5 e6 25. Rh5 Nxc4 26. e5 Rd2 27. Bh4 Rxe2 28. Bf6 Rb2 29. Rg1 Kh7 30. Bxg7 Rg8 31. Kf3 Rxg7 32. Rxh6+ Kxh6 33. Rh1+ Kg6 34. Rg1+ Kh7 0-1

[Event "Mittelrhein Verbandsliga-W 17/18"]
[Site "Nordrheinwestfalen"]
[Date "2018.05.06"]
[Round "11.1"]
[White "Brueggemann, Frank1111"]
[Black "Burovic, Ismet"]
[Result "1/2-1/2"]
[WhiteElo "2014"]
[BlackElo "2303"]
[PlyCount "166"]
[EventDate "2017.09.10"]
[EventType "team-tourn"]
[EventRounds "11"]
[EventCountry "GER"]
[SourceTitle "EXT 2022"]
[Source "ChessBase"]
[SourceDate "2021.10.06"]
[SourceVersion "1"]
[SourceVersionDate "2021.10.06"]
[SourceQuality "1"]
[WhiteTeam "Aachen PTSV"]
[BlackTeam "Alsdorf SVG"]
[WhiteTeamCountry "GER"]
[BlackTeamCountry "GER"]

1. e4 c6 2. d3 d5 3. Nd2 e5 4. Ngf3 Bd6 5. g3 Nd7 6. Bg2 Ngf6 7. 0-0 0-0 8. Re1 Re8 9. c3 Bc7 10. d4 exd4 11. Nxd4 Nc5 12. exd5 Rxe1+ 13. Qxe1 Nxd5 14. Qe2 Ne6 15. Nxe6 Bxe6 16. Ne4 Bb6 17. Bg5 Qf8 18. c4 Ne7 19. Nd6 Rb8 20. Bh3 Ng6 21. Bxe6 Qxd6 22. Bg4 Qe5 23. Qxe5 Nxe5 24. Be2 Bd4 25. Rb1 f6 26. Bf4 Re8 27. Kf1 a5 28. Bd2 b6 29. b3 Kf7 30. f4 Ng6 31. Bf3 Ne7 32. Rd1 Rd8 33. Be3 Nf5 34. Bf2 Rd6 35. g4 Bxf2 36. Kxf2 Rxd1 37. Bxd1 Nd4 38. Ke3 c5 39. Ke4 Ke6 40. a3 Nc6 41. Bf3 Kd6 42. Bd1 g6 43. h4 Ne7 44. f5 gxf5+ 45. gxf5 Nc6 46. Bh5 Nd4 47. Bd1 Nc6 48. Bh5 Ne5 49. Be2 Kc6 50. Bh5 Kd6 51. Be2 Nc6 52. Bh5 Nd4 53. Bd1 b5 54. a4 bxa4 55. bxa4 Nc6 56. Bh5 Ne5 57. Be2 Nd7 58. Bd1 Nb6 59. Bb3 Ke7 60. Kf4 Kf7 61. Ke4 Kg7 62. Kf4 Kh6 63. Kg3 Nd7 64. Bd1 Nb6 65. Bb3 Nd7 66. Bd1 Ne5 67. Be2 Nf7 68. Kg4 Nd6 69. Kf4 Nc8 70. Bd1 Nd6 71. Be2 Kg7 72. Bd3 Kf8 73. Be2 Ke7 74. Bd3 Nf7 75. Be2 Ne5 76. Ke4 Kd6 77. Kf4 Nc6 78. Bh5 Ne5 79. Be2 Nc6 80. Bh5 Ke7 81. Bf3 Nb4 82. Be4 Kf7 83. Bb1 Kf8 1/2-1/2

[Event "Sarajevo-ch"]
[Site "Sarajevo"]
[Date "2018.03.25"]
[Round "8"]
[White "Burovic, Ismet"]
[Black "Strinic, Halid"]
[Result "0-1"]
[WhiteElo "2321"]
[BlackElo "2113"]
[PlyCount "134"]
[EventDate "2018.03.19"]
[EventType "tourn"]
[EventRounds "11"]
[EventCountry "BIH"]
[SourceTitle "CBM 183 Extra"]
[Source "ChessBase"]
[SourceDate "2018.04.19"]
[SourceVersion "1"]
[SourceVersionDate "2018.04.19"]
[SourceQuality "1"]

1. e4 e5 2. f4 exf4 3. Bc4 Qh4+ 4. Kf1 d6 5. Nf3 Qh6 6. Nc3 c6 7. d4 Nf6 8. Qe2 Ng4 9. Kg1 Ne3 10. Bxe3 fxe3 11. Nd1 Be7 12. Nxe3 0-0 13. Rf1 Na6 14. c3 Nc7 15. h4 Be6 16. Bd3 Qh5 17. Nd2 Qxe2 18. Bxe2 g6 19. g4 h6 20. Ng2 Kg7 21. Nf4 Bd7 22. Kg2 Ne6 23. Nd3 Rae8 24. Bd1 b5 25. Rf2 a6 26. Kg3 c5 27. d5 Nc7 28. Rhf1 c4 29. Nb4 a5 30. Nc2 Na6 31. Nd4 a4 32. a3 Nc5 33. Bc2 Bd8 34. N4f3 Bc8 35. Rh1 Bd7 36. Rfh2 Rh8 37. Re1 Bc7 38. Nd4 Bd8 39. Rhe2 Bc7 40. N2f3 Re7 41. Bb1 Rhe8 42. h5 Nb3 43. hxg6 fxg6 44. Nh4 Nxd4 45. cxd4 g5 46. Nf3 Bc8 47. Rh2 Rf7 48. Rhe2 Rf4 49. Nh2 Bb6 50. Rd1 Ref8 51. Bc2 Bd7 52. e5 Bxd4 53. e6 Be8 54. Bf5 Bf6 55. Rf1 Rd4 56. Be4 Be5+ 57. Kg2 Rf4 58. Rxf4 Bxf4 59. Nf3 Rd1 60. Kf2 Kf6 61. Rc2 h5 62. Ke2 Rh1 63. Ne1 Rh2+ 64. Ng2 hxg4 65. Kf2 g3+ 66. Kg1 Be5 67. Rd2 Bh5 0-1

[Event "Sarajevo Galijatovic Memorial"]
[Site "Sarajevo"]
[Date "2018.02.21"]
[Round "3"]
[White "Hadzovic, Amir"]
[Black "Burovic, Ismet"]
[Result "1/2-1/2"]
[WhiteElo "2281"]
[BlackElo "2327"]
[PlyCount "53"]
[EventDate "2018.02.19"]
[EventType "swiss"]
[EventRounds "7"]
[EventCountry "BIH"]
[SourceTitle "CBM 183 Extra"]
[Source "ChessBase"]
[SourceDate "2018.04.19"]
[SourceVersion "1"]
[SourceVersionDate "2018.04.19"]
[SourceQuality "1"]

1. d4 Nf6 2. Bf4 g6 3. e3 Bg7 4. Nf3 0-0 5. Be2 c5 6. c3 d5 7. Nbd2 Nc6 8. Ne5 Nxe5 9. Bxe5 Qb6 10. Qb3 Bf5 11. dxc5 Qc6 12. Qb5 Qxb5 13. Bxb5 Rfc8 14. b4 Bf8 15. 0-0 Nd7 16. Bd4 Bg7 17. Bxg7 Kxg7 18. Bxd7 Bxd7 19. Rfc1 b6 20. cxb6 axb6 21. a3 Ra7 22. e4 dxe4 23. Nxe4 Rca8 24. Nd2 Rxa3 25. Rxa3 Rxa3 26. Nc4 Ra6 27. f3 1/2-1/2

[Event "Travnik op"]
[Site "Travnik"]
[Date "2017.07.29"]
[Round "6"]
[White "Mrkonjic, Nenad"]
[Black "Burovic, Ismet"]
[Result "1/2-1/2"]
[WhiteElo "2349"]
[BlackElo "2330"]
[PlyCount "119"]
[EventDate "2017.07.26"]
[EventType "swiss"]
[EventRounds "7"]
[EventCountry "BIH"]
[SourceTitle "CBM 179 Extra"]
[Source "ChessBase"]
[SourceDate "2017.08.23"]
[SourceVersion "1"]
[SourceVersionDate "2017.08.23"]
[SourceQuality "1"]

1. d4 d6 2. Nf3 g6 3. Bf4 Bg7 4. e3 Nd7 5. h3 e5 6. Bh2 Ne7 7. Be2 0-0 8. 0-0 exd4 9. exd4 Nb6 10. Re1 Bf5 11. Nbd2 Ned5 12. c3 Bh6 13. Nc4 Nf4 14. Bf1 Nbd5 15. Ne3 Nxe3 16. fxe3 Nd5 17. e4 Ne3 18. Qd3 Nxf1 19. exf5 Nxh2 20. Nxh2 Re8 21. Rf1 Bg7 22. Rf3 Qh4 23. Raf1 c6 24. Ng4 Re1 25. Rxe1 Qxe1+ 26. Rf1 Qh4 27. Qe3 Rd8 28. Qf3 Rd7 29. Qe4 Qd8 30. Re1 Kf8 31. Qf4 h5 32. Ne3 Qf6 33. g4 g5 34. Qf3 h4 35. Re2 Re7 36. Kf2 d5 37. Ng2 Rxe2+ 38. Kxe2 Qd6 39. Ne1 Bf6 40. Nd3 Qh2+ 41. Kf1 Kg7 42. Qg2 Qd6 43. Qf3 b6 44. b4 Qh2 45. Qg2 Qb8 46. Qf3 a5 47. a3 axb4 48. axb4 Qh2 49. Qg2 Qd6 50. Qf3 Qh2 51. Qg2 Qb8 52. Qf3 Qa8 53. Ne5 c5 54. bxc5 bxc5 55. Qe3 cxd4 56. cxd4 Qa1+ 57. Kg2 Qb2+ 58. Kg1 Qa1+ 59. Kg2 Qb2+ 60. Kg1 1/2-1/2